00954nam a2200229 a 450000100100000000500170001000800410002704000250006804100390009308200130013210000290014524000490017424501030022326001150032630000210044153400620046270000320052470000250055604900090058195201170059099900170070700002498720200930023506.0110201s1972 ag r 000 0 spa d aDO-SdBNPbspacBNPHU17aspaheng2Código de idiomas MARC ann*bnn*1 aPopham, W. James.95127210aEstablishing instructional goals.lEspañol14aLos objetivos de la enseñanza /cW. James Popham y Eva L. Baker ; traducción de Sibila Martin. aBuenos Aires :bPaidos ;bCentro Regional de Ayuda Técnica. Agencia para el Desarrollo Internacional,c1972. a124 p. ;c22 cm. aTítulo del original :tEstablishing instructional goals1 aMartin, Sibila,etr.9512731 aBaker, Eva L.951274 aBNGR 001054708MOaGRbGRcCTd2011-02-08iLF1l0onn* nn*p24987-10r2020-06-25w2020-06-25y4ZPréstamo en sala c24480d24480